Scientific and clinical applications of magnetic carriers

Αποθηκεύτηκε σε:
Λεπτομέρειες βιβλιογραφικής εγγραφής
Άλλοι συγγραφείς: Hafeli, Urs (Επιμελητής έκδοσης)
Μορφή: Βιβλίο
Γλώσσα:English
Δημοσίευση: New York : Plenum Press, c1997
Θέματα:
Ετικέτες: Προσθήκη ετικέτας
Δεν υπάρχουν, Καταχωρήστε ετικέτα πρώτοι!

MARC

LEADER 00000nam a2200000 i 4500
001 1/73920
008 080208s1997 eng d
020 |a 0-306-45687-7 
035 |l 10094508 
040 |a GR-MY-UA  |b gre  |e aacr 
041 0 |a eng 
082 0 |a 610.28  |2 (22) 
245 1 0 |a Scientific and clinical applications of magnetic carriers /  |c edited by Urs Hafeli ... [κ. ά.]. 
260 |a New York :   |b Plenum Press,   |c c1997 
300 |a xiii, 628 σ.;  |b εικ.;  |c 24 εκ. 
500 |a "Proceedings of an international conference on Scientific and Clinical Applications of Magnetic Carriers, held September 5-7, 1996, in Rostock, Germany". - Σημείωση στο verso 
504 |a Περιλαμβάνει βιβλιογραφίες και ευρετήρια 
650 0 0 |a Magnetic separation. 
650 0 0 |a Biomagnetism. 
650 0 0 |a Biomolecules  |x Magnetic properties. 
700 1 |a Hafeli, Urs.  |4 edt 
852 |a INST  |b SYROS  |e 20080208  |h 610.28 SCI  |p 005500006575  |q 005500006575  |t BK  |y 0 
901 |a BIBL5-2008-1 
909 |a Ε  |b 143674 
922 |a 5ΕΛΗ  |b 200712  |c ΕΠΕΑΕΚ2/ΤΜΣΠΣ  |d ΕΛΕΥΘΕΡΟΥΔΑΚΗΣ 
970 |a ΚΟΝΤΟΥ  |b ΠΑΡΑΣΚΕΥΗ  |z 2008/02/08